000 01083nji a22002777a 4500
005 20100918114021.0
006 a|||||r|||||00| 0
007 sd ammalaaahaa
008 100830t xxu||||| |||| 00| 0 eng d
028 _a2393 824
_bMUSIC INDIA
035 _aGR-03482
040 _aSED
_cSED
100 _917455
_aUdhas, Pankaj
245 _aThe khazana concert (Ghazals) /
_cmusic by Pankaj Udhas
_h[sound recording] :
246 _aदी खज़ाना कॉन्सर्ट (ग़ज़ल्स) /
260 _aDum Dum, India
_bMUSIC INDIA
_c1982
300 _a1 sound disc [Gramophone Recording]:
_banalog, 33 1/3 rpm
_c12.5 in. (LP)
_fGramophone Record
500 _aBrief Record
500 _aRecord labels : MUSIC INDIA, White
505 _aSide-1 (Sans lena bhi saza lagta hai) (Pankaj Udhas) Side-2 (Yaad mein teri) (Madhu Rani)
600 _aPankaj Udhas
_920359
650 _aGhazals
_zIndia
_91186
_xExcerpts
650 _aClassical Music
_920630
942 _2ddc
_cGR
999 _c46694
_d46694